Biblioteca y Centro de Documentación

Curso de prevención de riesgos laborales (Registro nro. 23737)

Detalles MARC
000 -CABECERA
Longitud fija campo de control 01294nam a2200397 c 4500
001 - NÚMERO DE CONTROL
Número de control 23737
003 - IDENTIFICADOR DE NÚMERO DE CONTROL
Identificador del número de control ES-MaCES
005 - FECHA Y HORA DE LA ÚLTIMA TRANSACCIÓN
Fecha y hora de la última transacción 20141221122848.0
008 - CAMPO FIJO DE DESCRIPCIÓN FIJA--INFORMACIÓN GENERAL
Códigos de información de longitud fija   110427s2011 sp t 000 | spa d
017 ## - NÚMERO DE REGISTRO DE DERECHOS DE AUTOR Y DEPÓSITO LEGAL
Número de copyright o de depósito legal V 535-2011
Agencia que asigna el número DL
020 ## - ISBN (INTERNATIONAL STANDARD BOOK NUMBER)
Número Internacional Normalizado para Libros (ISBN) 9788499859798
035 ## - NÚMERO DE CONTROL DEL SISTEMA
Número de control del sistema CES20110003407m
040 ## - FUENTE DE CATALOGACIÓN
Centro catalogador de origen ES-MaCES
Lengua de catalogación spa
Centro transcriptor ES-MaCES
100 1# - ENCABEZAMIENTO PRINCIPAL--NOMBRE PERSONAL
Nombre de persona López Gandía, Juan
9 (RLIN) 16894
245 10 - MENCIÓN DE TÍTULO
Título Curso de prevención de riesgos laborales
Mención de responsabilidad, etc. Juan López Gandía, José Francisco Blasco Lahoz
250 ## - MENCIÓN DE EDICIÓN
Mención de edición 12ª ed
260 ## - PUBLICACIÓN, DISTRIBUCIÓN, ETC (PIE DE IMPRENTA)
Lugar de publicación, distribución, etc. Valencia
Nombre del editor, distribuidor, etc. Tirant lo Blanch
Fecha de publicación, distribución, etc. 2011
300 ## - DESCRIPCIÓN FÍSICA
Extensión 397 p.
Dimensiones 24 cm
490 1# - MENCIÓN DE SERIE
Mención de serie Manuales
504 ## - NOTA DE BIBLIOGRAFÍA, ETC.
Nota de bibliografía, etc. Biblliografía: p. 383-397
541 ## - NOTA DE LA FUENTE INMEDIANTE DE ADQUISICIÓN
Forma de adquisición Compra
650 #4 - ASIENTO SECUNDARIO DE MATERIA--TÉRMINO DE MATERIA
Término de materia o nombre geográfico como elemento inicial seguridad en el trabajo
9 (RLIN) 28348
650 #4 - ASIENTO SECUNDARIO DE MATERIA--TÉRMINO DE MATERIA
Término de materia o nombre geográfico como elemento inicial salud en el trabajo
9 (RLIN) 28347
650 #4 - ASIENTO SECUNDARIO DE MATERIA--TÉRMINO DE MATERIA
Término de materia o nombre geográfico como elemento inicial riesgo
9 (RLIN) 29564
650 #4 - ASIENTO SECUNDARIO DE MATERIA--TÉRMINO DE MATERIA
Término de materia o nombre geográfico como elemento inicial legislación del trabajo
9 (RLIN) 27166
650 #4 - ASIENTO SECUNDARIO DE MATERIA--TÉRMINO DE MATERIA
Término de materia o nombre geográfico como elemento inicial España
9 (RLIN) 26964
650 #4 - ASIENTO SECUNDARIO DE MATERIA--TÉRMINO DE MATERIA
Término de materia o nombre geográfico como elemento inicial régimen jurídico
9 (RLIN) 29894
653 10 - TÉRMINO DE INDEXACIÓN--NO CONTROLADO
Término no controlado Salud
700 1# - ENCABEZAMIENTO SECUNDARIO--NOMBRE PERSONAL
Nombre de persona Blasco Lahoz, José Francisco
9 (RLIN) 7894
775 0# - ENTRADA DE OTRA EDICIÓN
Título Curso de prevención de riesgos laborales
Número de control del registro relacionado (ES-MaCES)24988
775 0# - ENTRADA DE OTRA EDICIÓN
Título Curso de prevención de riesgos laborales
Número de control del registro relacionado (ES-MaCES)21170
830 #0 - ENCABEZAMIENTO SECUNDARIO DE COLECCIÓN--TÍTULO UNIFORME
Título uniforme Manuales (Tirant lo Blanch (Firma))
9 (RLIN) 33478
902 ## - CES. TIPO DE DOCUMENTO
Tipodoc (006$c Sirtex) LIB Libro
942 ## - ELEMENTOS KOHA
Fuente de clasificaión o esquema Clasificación propia del CES
Koha [por defecto] tipo de item Monografías
Parte de clasificación 3.1.
Existencias
Número de registro Signatura completa Tipo de item de Koha
078888 DPT-13424 Monografías
© CES, Consejo Económico y Social de España 2021